Word Ladder: Animals II Quiz Stats

 Plays Quiz Updated Aug 9, 2013

Support Sporcle.
Go Orange.
Score 0/71 Timer 06:00
0 Plays Today
Hint 4-letter word % Correct
Simba or Mufasa, e.g.*LION*
98.8%
Donald or Daffy, e.g.*DUCK*
95%
The Big Bad ____*WOLF*
94.1%
Dory or Nemo, e.g.*FISH*
93.8%
HairlessBALD
93.2%
Sheep's coatWOOL
93.1%
The tortoise beat him in the race*HARE*
93.1%
Closed handFIST
93%
Green citrus fruitLIME
92.9%
Be careful what you ____ for!WISH
92.9%
Not soft or easyHARD
92.9%
Place for boat to restDOCK
92.8%
Tiger Woods' forteGOLF
92.8%
Eat a lollipopLICK
92.6%
Dog barkWOOF
92.5%
Little Red Riding ____HOOD
92.5%
Parasites found on the scalp*LICE*
92.2%
____ o' the Irish!LUCK
92.1%
Au, in chemistryGOLD
92%
Hammer or saw, e.g.TOOL
91.9%
Hula ____HOOP
91.4%
Darken a fontBOLD
90.8%
Italian car brandFIAT
90.4%
Not aliveDEAD
90%
Light source with a shadeLAMP
89.5%
Mary had a dimunitive one*LAMB*
89.4%
Bambi and others*DEER*
88.8%
Tree materialWOOD
88.7%
College brotherhood, for shortFRAT
88.3%
StoleTOOK
88.1%
Yogi or Smokey, e.g.*BEAR*
87.6%
Strand used to conduct electricityWIRE
87.6%
Tick's partnerTOCK
87.4%
Smart because of experienceWISE
87.4%
Group of people lodging in tentsCAMP
87.3%
Chicken penCOOP
87.1%
Hint 4-letter word % Correct
Old poetBARD
87%
Opposite of toFROM
86.8%
Large branchLIMB
86.1%
Saved by the ____!BELL
86%
James Bond actor ConnerySEAN
85.2%
A wild hog*BOAR*
85%
Formal dancePROM
84.9%
MerchandiseWARE
84.7%
Peruse a bookREAD
84%
Sentence componentWORD
83.4%
Relative of the sea lion*SEAL*
83.3%
Fly effortlesslySOAR
82.2%
Baked or jumping, e.g.BEAN
82.1%
Feat or accomplishmentDEED
82%
Continuous chainLOOP
81.1%
One who can predict the futureSEER
81%
North American aquatic bird*LOON*
80.3%
Trade for moneySELL
80.3%
Burn slightlySEAR
80%
500 sheets of paperREAM
79.5%
Green Marvel AvengerHULK
79.5%
A free item, usually a ticket COMP
79.1%
Body of a boatHULL
77.4%
Latte topperFOAM
75.8%
Attractive, muscular manHUNK
75.5%
Chicago NBA player*BULL*
75.4%
WanderROAM
75.1%
Inch or earth, e.g.*WORM*
73.8%
Play accessoryPROP
72.8%
Type of deckPOOP
72.4%
Bull or tree, e.g.*FROG*
71.9%
Type of grenadeFRAG
70.5%
Make upFORM
64.9%
Baseball slugger AaronHANK
64.6%
Atlanta NBA Player*HAWK*
51.6%

Today's Daily Dose

Quick Pick
Nissan Models

Get the Picture
Amazing Trees

From the Vault

Double Letter Logos II

by WillieG

This quiz will have you oooohing and aaaahing.
Remove Ads.
Support Sporcle.
Get the best of Sporcle when you Go Orange. This ad-free experience offers more features, more stats, and more fun while also helping to support Sporcle. Thank you for becoming a member.

Show Comments

Extras

Top Quizzes Today


Score Distribution

Your Account Isn't Verified!

In order to create a playlist on Sporcle, you need to verify the email address you used during registration. Go to your Sporcle Settings to finish the process.

Report this User

Report this user for behavior that violates our Community Guidelines.

Details: